Contabilidad general (Registro nro. 15596)
[ vista simple ]
| 000 -CABECERA | |
|---|---|
| campo de control de longitud fija | 00632nam a2200241Ia 4500 |
| 001 - NÚMERO DE CONTROL | |
| campo de control | 15596 |
| 003 - IDENTIFICADOR DEL NÚMERO DE CONTROL | |
| campo de control | 31177 |
| 005 - FECHA Y HORA DE LA ÚLTIMA TRANSACCIÓN | |
| campo de control | 20260312192605.0 |
| 008 - DATOS DE LONGITUD FIJA--INFORMACIÓN GENERAL | |
| campo de control de longitud fija | ||||||n9999 ||| || || |
| 020 ## - NÚMERO INTERNACIONAL ESTÁNDAR DEL LIBRO | |
| Número Internacional Estándar del Libro | 9789586520089 |
| 040 ## - FUENTE DE LA CATALOGACIÓN | |
| Centro catalogador/agencia de origen | CO-BoESAP |
| Lengua de catalogación | spa |
| Centro/agencia transcriptor | CO-BoESAP |
| 041 ## - CÓDIGO DE LENGUA | |
| Código de lengua del texto/banda sonora o título independiente | spa |
| 100 ## - ENTRADA PRINCIPAL--NOMBRE DE PERSONA | |
| Nombre de persona | Vega Rodríguez, Jesús Eduardo |
| 9 (RLIN) | 12974 |
| 245 #0 - MENCIÓN DE TÍTULO | |
| Título | Contabilidad general |
| 260 ## - PUBLICACIÓN, DISTRIBUCIÓN, ETC. | |
| Lugar de publicación, distribución, etc. | Bogotá : |
| Nombre del editor, distribuidor, etc. | Escuela Superior de Administración Pública - ESAP, |
| Fecha de publicación, distribución, etc. | 1989. |
| 300 ## - DESCRIPCIÓN FÍSICA | |
| Extensión | 206p |
| 490 ## - MENCIÓN DE SERIE | |
| Mención de serie | Documentos ESAP |
| 562 ## - NOTA DE IDENTIFICACIÓN DE LA COPIA Y VERSIÓN | |
| Número de copias | 7 |
| 650 ## - PUNTO DE ACCESO ADICIONAL DE MATERIA--TÉRMINO DE MATERIA | |
| Término de materia o nombre geográfico como elemento de entrada | COLOMBIA |
| 9 (RLIN) | 24400 |
| 650 #0 - PUNTO DE ACCESO ADICIONAL DE MATERIA--TÉRMINO DE MATERIA | |
| Término de materia o nombre geográfico como elemento de entrada | Contabilidad |
| 9 (RLIN) | 7194 |
| 942 ## - ELEMENTOS DE PUNTO DE ACCESO ADICIONAL (KOHA) | |
| Tipo de ítem Koha | Documento ESAP |
| Fuente del sistema de clasificación o colocación | Dewey Decimal Classification |
| 942 ## - ELEMENTOS DE PUNTO DE ACCESO ADICIONAL (KOHA) | |
| Tipo de ítem Koha | Documento ESAP |
| Fuente del sistema de clasificación o colocación | Dewey Decimal Classification |
| Estado de retiro | Estado de pérdida | Estado dañado | No para préstamo | Código de colección | Localización permanente | Ubicación/localización actual | Coste, precio normal de compra | Total de préstamos | Signatura topográfica completa | Código de barras | Número de copia | Tipo de ítem Koha | Fecha de adquisición | Nota no pública | Nota pública |
|---|---|---|---|---|---|---|---|---|---|---|---|---|---|---|---|
| Documentos ESAP | Bogotá - Sede Central | Bogotá - Sede Central | 45000.00 | COD.03.04.001 e5 | 80328 | 1 | Documento ESAP | ||||||||
| Documentos ESAP | Bogotá - Sede Central | Bogotá - Sede Central | 45000.00 | COD.03.04.001 e7 | 80329 | 2 | Documento ESAP | ||||||||
| Documentos ESAP | Bogotá - Sede Central | Bogotá - Sede Central | 45000.00 | COD.03.04.001 e8 | 80330 | 3 | Documento ESAP | ||||||||
| Documentos ESAP | Bogotá - Sede Central | Bogotá - Sede Central | 45000.00 | COD.03.04.001 e10 | 80331 | 4 | Documento ESAP | ||||||||
| Documentos ESAP | Bogotá - Sede Central | Bogotá - Sede Central | 45000.00 | COD.03.04.001 e1 | 71343 | 5 | Documento ESAP | ||||||||
| Ocultar de OPAC | Deterioro físico | No para préstamo | Documentos ESAP | Bucaramanga - Sede Santander | Bucaramanga - Sede Santander | 45000.00 | COD.03.04.001 | SAN5659 | 7 | Documento ESAP | 10/09/2024 | DESCARTE | DESCARTE | ||
| Documentos ESAP | Tunja - Sede Boyacá-Casanare | Tunja - Sede Boyacá-Casanare | 45000.00 | 657 E74 | BOY3011 | 6 | Documento ESAP |

